|
|
|
|
| LEADER |
01294cam a22002297a 4500 |
| 001 |
45114 |
| 003 |
BD-DhAAL |
| 005 |
20251126170441.0 |
| 008 |
251123t2023 bg ||||| |||| 00| 0 eng d |
| 040 |
|
|
|a BD-DhAAL
|c BD-DhAAL
|
| 111 |
|
|
|a International Conference on Bangladesh Genocide and Justice
|d (2023 :
|c Dhaka, Bangladesh)
|9 59927
|
| 245 |
|
|
|a 8th international conference the politics of genocide denial :
|b global struggle towards truth, recognition and justice /
|c edited by Mofidul Hoque ; Emran Azad ; Shaoli Dasgupta.
|
| 260 |
|
|
|a Dhaka :
|b Liberation war museum,
|c 2023.
|
| 300 |
|
|
|a 79 pages ;
|c 16 cm
|
| 500 |
|
|
|a Prosecution of genocide for the massacre of intellectuals
|
| 541 |
|
|
|a Complimentary copy from Professor Afsan Chowdhury (Department of English and Humanities, BRAC University).
|e 45114
|
| 700 |
|
|
|a Hoque, Mofidul.
|9 59875
|
| 700 |
|
|
|a Azad, Emran.
|9 59928
|
| 700 |
|
|
|a Dasgupta, Shaoli.
|9 59929
|
| 942 |
|
|
|2 ddc
|c BK
|
| 999 |
|
|
|c 47648
|d 47648
|
| 952 |
|
|
|0 0
|1 0
|2 ddc
|4 0
|7 0
|9 78533
|a BRACUL
|b BRACUL
|c BNC
|d 2025-11-23
|e Complimentary copy from Prof. Afsan Chowdhury (Department of English and Humanities, BRAC University)
|l 0
|p 3010045114
|r 2025-11-23
|t 1
|w 2025-11-23
|y BK
|x Complimentary copy from Prof. Afsan Chowdhury (Department of English and Humanities, BRAC University) on 12 November 2025
|